000
00227nam a22001097a 4500
999
_c
160707
_d
160707
082
_a
_b
100
_a
Rajasekharan
245
_a
Udyoga parvam/
_c
by Rajasekharan.
260
_a
_b
Sujay,
_c
1991.
650
_a
942
_c
BK